<?xml version="1.0" encoding="UTF-8"?>
<record
    xmlns:xsi="http://www.w3.org/2001/XMLSchema-instance"
    xsi:schemaLocation="http://www.loc.gov/MARC21/slim http://www.loc.gov/standards/marcxml/schema/MARC21slim.xsd"
    xmlns="http://www.loc.gov/MARC21/slim">

  <leader>00950nam a2200265 a 4500</leader>
  <controlfield tag="003">DO-SdBNP</controlfield>
  <controlfield tag="005">20220322132901.0</controlfield>
  <controlfield tag="007">ta</controlfield>
  <controlfield tag="008">210716e2018    dr  oc|er|||| 001 hdspa d</controlfield>
  <datafield tag="020" ind1=" " ind2=" ">
    <subfield code="a">9789945481945</subfield>
  </datafield>
  <datafield tag="040" ind1=" " ind2=" ">
    <subfield code="a">DO-SdBNP</subfield>
    <subfield code="b">spa</subfield>
    <subfield code="c">BNPHU</subfield>
  </datafield>
  <datafield tag="041" ind1=" " ind2=" ">
    <subfield code="h">spa</subfield>
  </datafield>
  <datafield tag="082" ind1=" " ind2="4">
    <subfield code="b">S718a</subfield>
    <subfield code="2">22</subfield>
  </datafield>
  <datafield tag="100" ind1="1" ind2=" ">
    <subfield code="9">55167</subfield>
    <subfield code="a">Soto Tejeda, Marcos,</subfield>
    <subfield code="d">1939-</subfield>
  </datafield>
  <datafield tag="245" ind1="1" ind2="0">
    <subfield code="a">Anecdotario ocoe&#xF1;o y apuntes geneal&#xF3;gicos de familias ocoe&#xF1;as /</subfield>
    <subfield code="c">Marcos Soto Tejeda; Ilustraciones, Stephanie Morel; Pr&#xF3;logo, Alexis Read Ortiz.</subfield>
  </datafield>
  <datafield tag="260" ind1=" " ind2=" ">
    <subfield code="a">Santo Domingo:</subfield>
    <subfield code="b">Centenario,</subfield>
    <subfield code="c">22018</subfield>
  </datafield>
  <datafield tag="300" ind1=" " ind2=" ">
    <subfield code="a">405 p. :</subfield>
    <subfield code="b">il., fotogr., retr. ;</subfield>
    <subfield code="c">21 cm</subfield>
  </datafield>
  <datafield tag="590" ind1=" " ind2=" ">
    <subfield code="a">Inventariado 2021 / MF</subfield>
  </datafield>
  <datafield tag="650" ind1=" " ind2="4">
    <subfield code="9">28799</subfield>
    <subfield code="a">An&#xE9;cdotas dominicanas</subfield>
  </datafield>
  <datafield tag="650" ind1=" " ind2="4">
    <subfield code="9">76626</subfield>
    <subfield code="a">An&#xE9;cdotas, chistes, s&#xE1;tiras, etc.</subfield>
    <subfield code="v"> </subfield>
    <subfield code="z">San Jos&#xE9; de Ocoa (Rep&#xFA;blica Dominicana)</subfield>
  </datafield>
  <datafield tag="700" ind1="1" ind2=" ">
    <subfield code="a">Morel, Stephanie</subfield>
    <subfield code="e">il.</subfield>
    <subfield code="9">79257</subfield>
  </datafield>
  <datafield tag="700" ind1="1" ind2=" ">
    <subfield code="a">Ort&#xED;z Read, Manuel Alexis</subfield>
    <subfield code="9">65695</subfield>
    <subfield code="e">pr&#xF3;l.</subfield>
  </datafield>
  <datafield tag="910" ind1=" " ind2=" ">
    <subfield code="a">MFeliz</subfield>
  </datafield>
  <datafield tag="942" ind1=" " ind2=" ">
    <subfield code="2">ddc</subfield>
    <subfield code="c">LBS1</subfield>
  </datafield>
  <datafield tag="952" ind1=" " ind2=" ">
    <subfield code="0">0</subfield>
    <subfield code="1">0</subfield>
    <subfield code="2">ddc</subfield>
    <subfield code="5">1</subfield>
    <subfield code="7">0</subfield>
    <subfield code="8">PD</subfield>
    <subfield code="a">BNPHU</subfield>
    <subfield code="b">BNPHU</subfield>
    <subfield code="c">HD</subfield>
    <subfield code="d">2018-09-18</subfield>
    <subfield code="e">Dep&#xF3;sito Legal Editora Centenario</subfield>
    <subfield code="l">0</subfield>
    <subfield code="o">S718a</subfield>
    <subfield code="p">2021-25182</subfield>
    <subfield code="r">2021-07-16</subfield>
    <subfield code="w">2021-07-16</subfield>
    <subfield code="y">LBS1</subfield>
  </datafield>
  <datafield tag="952" ind1=" " ind2=" ">
    <subfield code="0">0</subfield>
    <subfield code="1">0</subfield>
    <subfield code="2">ddc</subfield>
    <subfield code="5">1</subfield>
    <subfield code="7">0</subfield>
    <subfield code="8">PD</subfield>
    <subfield code="a">BNPHU</subfield>
    <subfield code="b">BNPHU</subfield>
    <subfield code="c">HD</subfield>
    <subfield code="d">2018-09-18</subfield>
    <subfield code="e">Inventariado, 2020 /MF</subfield>
    <subfield code="l">0</subfield>
    <subfield code="o">S718a</subfield>
    <subfield code="p">2021-25186</subfield>
    <subfield code="r">2021-07-16</subfield>
    <subfield code="t">e.2</subfield>
    <subfield code="w">2021-07-16</subfield>
    <subfield code="y">LBS1</subfield>
  </datafield>
  <datafield tag="952" ind1=" " ind2=" ">
    <subfield code="0">0</subfield>
    <subfield code="1">0</subfield>
    <subfield code="2">ddc</subfield>
    <subfield code="5">6</subfield>
    <subfield code="7">0</subfield>
    <subfield code="8">DS</subfield>
    <subfield code="a">BNPHU</subfield>
    <subfield code="b">BNPHU</subfield>
    <subfield code="c">HD</subfield>
    <subfield code="d">2018-09-18</subfield>
    <subfield code="e">Dep&#xF3;sito Legal Editora Centenario</subfield>
    <subfield code="l">0</subfield>
    <subfield code="o">S718a</subfield>
    <subfield code="p">2021-25187</subfield>
    <subfield code="r">2021-07-16</subfield>
    <subfield code="t">e.3</subfield>
    <subfield code="w">2021-07-16</subfield>
    <subfield code="y">LBS1</subfield>
  </datafield>
  <datafield tag="999" ind1=" " ind2=" ">
    <subfield code="c">50124</subfield>
    <subfield code="d">50124</subfield>
  </datafield>
</record>
